Unsettling cities / (Record no. 352593)

000 -LEADER
fixed length control field 00917 a2200277 4500
010 ## - LIBRARY OF CONGRESS CONTROL NUMBER
LC control number 98037560
020 ## - INTERNATIONAL STANDARD BOOK NUMBER
International Standard Book Number 0415200717 (hardbound)
020 ## - INTERNATIONAL STANDARD BOOK NUMBER
International Standard Book Number 0415200725 (pbk.)
082 00 - DEWEY DECIMAL CLASSIFICATION NUMBER
Classification number 307.76
090 ## - LOCALLY ASSIGNED LC-TYPE CALL NUMBER (OCLC); LOCAL CALL NUMBER (RLIN)
-- 477
-- 477
245 00 - TITLE STATEMENT
Title Unsettling cities /
Statement of responsibility, etc. edited by John Allen, Doreen Massey & Michael Pryke.
260 ## - PUBLICATION, DISTRIBUTION, ETC.
Place of publication, distribution, etc. London ;
-- New York :
Name of publisher, distributor, etc. Routledge,
Date of publication, distribution, etc. 1999.
300 ## - PHYSICAL DESCRIPTION
Extent ix, 354 p. :
Other physical details ill. ;
Dimensions 26 cm.
490 1# - SERIES STATEMENT
Series statement Understanding cities
650 #0 - SUBJECT ADDED ENTRY--TOPICAL TERM
Topical term or geographic name entry element Cities and towns
General subdivision Growth.
650 #0 - SUBJECT ADDED ENTRY--TOPICAL TERM
Topical term or geographic name entry element City and town life.
650 #0 - SUBJECT ADDED ENTRY--TOPICAL TERM
Topical term or geographic name entry element Social change.
650 #0 - SUBJECT ADDED ENTRY--TOPICAL TERM
Topical term or geographic name entry element Rural-urban migration.
650 #0 - SUBJECT ADDED ENTRY--TOPICAL TERM
Topical term or geographic name entry element Urban policy.
700 1# - ADDED ENTRY--PERSONAL NAME
Personal name Allen, John,
Dates associated with a name 1951-
700 1# - ADDED ENTRY--PERSONAL NAME
Personal name Massey, Doreen B.
700 1# - ADDED ENTRY--PERSONAL NAME
Personal name Pryke, Michael,
Dates associated with a name 1955-
830 #0 - SERIES ADDED ENTRY--UNIFORM TITLE
Uniform title Understanding cities (London, England)
856 42 - ELECTRONIC LOCATION AND ACCESS
Materials specified Publisher description
Uniform Resource Identifier <a href="http://www.loc.gov/catdir/enhancements/fy0649/98037560-d.html">http://www.loc.gov/catdir/enhancements/fy0649/98037560-d.html</a>
942 ## - ADDED ENTRY ELEMENTS (KOHA)
Institution code [OBSOLETE] SADA
Koha item type Book
Call number prefix 307.76 UNS 1999
Holdings
Withdrawn status Lost status Source of classification or shelving scheme Damaged status Not for loan Permanent Location Current Location Date acquired Source of acquisition Total Checkouts Total Renewals Full call number Barcode Date last seen Date last checked out Cost, replacement price Price effective from Koha item type
          School of Art Design and Architecture (SADA) School of Art Design and Architecture (SADA) 02/22/2011 Donation 7 4 307.76 UNS 1999 SADAD0000015 05/11/2015 05/11/2015 6306.00 08/05/2011 Book
© 2023 Central Library, National University of Sciences and Technology. All Rights Reserved.